| 000 | 00733nam a2200241 a 4500 | ||
|---|---|---|---|
| 005 | 20240815063726.0 | ||
| 008 | 160429s2005 mx r 000 0 spa d | ||
| 020 | _a8478642498 (diez dígitos) | ||
| 020 | _a9788478642496 (trece dígitos) | ||
| 035 | _aUPN01000209942 | ||
| 049 | _aI | ||
| 050 | 4 |
_aPZ76.3 _bM3.63 2005 |
|
| 100 | 1 |
_aMarie, Christian _939172 |
|
| 245 | 1 | 3 |
_aLa pequeña jirafa / _cChristian Marie. |
| 250 | _a2a ed. | ||
| 260 |
_aBarcelona, Esp. : _bCombel, _c2005. |
||
| 300 |
_a23 p. : _bil. |
||
| 440 | 0 | _a¿Quién eres? | |
| 534 |
_pTítulo original : _tLa petite girafe |
||
| 650 | 7 |
_aAnimales _vLiteratura infantil _2 _91061 |
|
| 650 | 4 |
_aAnimales _xHábitos y comportamiento _91059 |
|
| 905 | _aInfantil | ||
| 999 |
_c182043 _d182043 |
||